"Management" fees z pohledu problematiky transferových cen

Problematika transferových cien v nadnárodných spoločnostiach. Management fees a transferové ceny. Pôsobnosť transferových cien. Management fees- mikro a makroekonomický pohľad. Oceňovanie managementu fees.

Guardado en:
Detalles Bibliográficos
Autor principal: Brabenec, Tomáš
Otros Autores: Marek, Petr
Formato: Capítulo de libro
Lenguaje:checo
Materias:
Etiquetas: Agregar Etiqueta
Sin Etiquetas, Sea el primero en etiquetar este registro!

MARC

LEADER 00000naa$a2200000$$$4500
001 0054655
005 20231116103739.7
041 0 |a cze 
044 |a CZ 
245 1 0 |a "Management" fees z pohledu problematiky transferových cen  |c Tomáš Brabenec, Petr Marek 
520 |a Problematika transferových cien v nadnárodných spoločnostiach. Management fees a transferové ceny. Pôsobnosť transferových cien. Management fees- mikro a makroekonomický pohľad. Oceňovanie managementu fees. 
610 2 0 |a ceny transferové 
610 2 0 |a spoločnosti nadnárodné 
610 2 0 |a služby konzultačné 
610 2 0 |a manažment 
610 2 0 |a oceňovanie transferové 
100 1 |a Brabenec, Tomáš 
700 1 |a Marek, Petr